[Event "2. Bundesliga West 2017/18"]
[Site "5202 Neumarkt am Wallersee"]
[Date "2017.10.14"]
[Round "2"]
[Board "4"]
[White "Blaskowski, Johannes"]
[Black "Wuppinger, Manfred"]
[Result "1/2-1/2"]
[WhiteElo "2269"]
[BlackElo "2066"]
[PlyCount "86"]
[EventDate "2017.10.13"]
[EventType "team"]
[EventRounds "11"]
[EventCountry "AUT"]
[WhiteTeam "Kufstein/Woergl"]
[BlackTeam "Sparkasse Neumarkt"]

1. e4 Nf6 2. e5 Nd5 3. d4 d6 4. Nf3 Bf5 5. Bc4 e6 6. O-O Nb6 7. Bb3 N8d7 8.
exd6 Bxd6 9. Bg5 Nf6 10. Nc3 h6 11. Bh4 O-O 12. Qe2 c6 13. Ne5 Be7 14. Rad1
Nfd5 15. Bxe7 Qxe7 16. Nxd5 exd5 17. Qh5 Qg5 18. Qxg5 hxg5 19. c3 f6 20. Nf3
Rae8 21. Rfe1 Bg4 22. Re3 Bxf3 23. gxf3 Rxe3 24. fxe3 Re8 25. Kf2 Nc4 26. Bxc4
dxc4 27. e4 Kf7 28. Kg3 Ke6 29. Re1 b5 30. a3 a5 31. Rh1 Rb8 32. Rc1 Rh8 33.
Rc2 Rh4 34. Rd2 Kd6 35. Rd1 Rh8 36. Re1 Ke6 37. Re2 g6 38. e5 f5 39. h3 Rh4 40.
Rg2 Kd5 41. Kf2 Rxh3 42. Rxg5 Rh6 43. Ke3 c5  1/2-1/2

[Event "2. Bundesliga West 2017/18"]
[Site "5202 Neumarkt am Wallersee"]
[Date "2017.10.14"]
[Round "2"]
[Board "5"]
[White "Egger, Martin"]
[Black "Neuschmied, Siegfried"]
[Result "1-0"]
[WhiteElo "2065"]
[BlackElo "2155"]
[PlyCount "61"]
[EventDate "2017.10.13"]
[EventType "team"]
[EventRounds "11"]
[EventCountry "AUT"]
[WhiteTeam "Sparkasse Neumarkt"]
[BlackTeam "Kufstein/Woergl"]

1. e4 d6 2. d4 Nf6 3. Nc3 g6 4. f4 Bg7 5. Nf3 O-O 6. e5 Nfd7 7. h4 c5 8. h5
cxd4 9. hxg6 dxc3 10. gxf7+ Rxf7 11. Bc4 Nf8 12. Ng5 e6 13. Nxf7 Kxf7 14. Qh5+
Kg8 15. Bd3 h6 16. b3 Nc6 17. g4 Nb4 18. Be4 d5 19. Bg6 Nxg6 20. Qxg6 Bd7 21.
a3 Nc6 22. Rxh6 Ne7 23. Qh7+ Kf8 24. Rf6+ Bxf6 25. exf6 Nf5 26. gxf5 Qxf6 27.
Qxd7 exf5 28. Be3 Qh4+ 29. Ke2 Re8 30. Qxf5+ Ke7 31. Qg5+  1-0

[Event "2. Bundesliga West 2017/18"]
[Site "5202 Neumarkt am Wallersee"]
[Date "2017.10.14"]
[Round "2"]
[Board "6"]
[White "Atzl, Florian"]
[Black "Baier, Patrick"]
[Result "1-0"]
[WhiteElo "2107"]
[BlackElo "2024"]
[PlyCount "107"]
[EventDate "2017.10.13"]
[EventType "team"]
[EventRounds "11"]
[EventCountry "AUT"]
[WhiteTeam "Kufstein/Woergl"]
[BlackTeam "Sparkasse Neumarkt"]

1. e4 e5 2. Nf3 Nc6 3. Bc4 Bc5 4. c3 Nf6 5. d3 d6 6. Bb3 h6 7. Nbd2 Qe7 8. h3
Be6 9. Bc2 g5 10. Nf1 d5 11. Qe2 dxe4 12. dxe4 O-O-O 13. b4 Bd6 14. a4 Rdg8 15.
a5 g4 16. hxg4 Nxg4 17. b5 Nb8 18. Ne3 h5 19. Nh4 Nxe3 20. Bxe3 Bc5 21. a6 b6
22. Nf5 Qf8 23. g3 Bxe3 24. Qxe3 Nd7 25. Rd1 f6 26. Rd2 Rh7 27. Ke2 Qc5 28.
Qxc5 Nxc5 29. Ke3 Rd8 30. g4 Rxd2 31. Kxd2 Rd7+ 32. Ke3 hxg4 33. Rh8+ Rd8 34.
Ne7+ Kd7 35. Rh7 Kd6 36. Nc6 Rf8 37. Nxa7 Bc4 38. Rh6 c6 39. Bd1 cxb5 40. Bxg4
Nxa6 41. Rh7 Kc5 42. Bc8 Nb8 43. Rc7+ Kd6 44. Rb7 Nc6 45. Rd7+ Ke6 46. Rd8+ Kf7
47. Rxf8+ Kxf8 48. Nxc6 Kf7 49. Bg4 Ke8 50. Be2 Kd7 51. Nb4 Kd6 52. Bxc4 bxc4
53. Nd5 f5 54. Nxb6  1-0

[Event "2. Bundesliga West 2017/18"]
[Site "Tirol"]
[Date "2017.10.15"]
[Round "3"]
[Board "1"]
[White "Fedorovsky, Michael"]
[Black "Bilchinski, Anton"]
[Result "1-0"]
[WhiteElo "2478"]
[BlackElo "2295"]
[PlyCount "67"]
[EventDate "2017.10.13"]
[EventType "team"]
[EventRounds "11"]
[EventCountry "AUT"]
[WhiteTeam "Jenbach 2"]
[BlackTeam "Pradl"]

1. d4 Nf6 2. c4 e6 3. Nc3 Bb4 4. e3 O-O 5. Nf3 d5 6. Bd3 c5 7. O-O Nbd7 8. a3
Bxc3 9. bxc3 Qc7 10. cxd5 exd5 11. a4 Re8 12. Ba3 c4 13. Bb1 b6 14. Ra2 Bb7 15.
Re2 Ne4 16. Qc2 g6 17. Nd2 Nxd2 18. Qxd2 f5 19. f3 Nf6 20. Qe1 Qd7 21. Qh4 Kg7
22. Bc1 Re6 23. g4 f4 24. Qg5 Qxa4 25. Qxf4 Rf8 26. e4 Nxe4 27. Qh6+ Kg8 28.
Bc2 Qa5 29. fxe4 Rxf1+ 30. Kxf1 Qxc3 31. Rf2 Qb4 32. Qf4 Qe7 33. Qb8+ Kg7 34.
Bg5  1-0

[Event "2. Bundesliga West 2017/18"]
[Site "Tirol"]
[Date "2017.10.15"]
[Round "3"]
[Board "2"]
[White "Eybl, Alexander"]
[Black "Reich, Thomas"]
[Result "0-1"]
[WhiteElo "2270"]
[BlackElo "2365"]
[PlyCount "102"]
[EventDate "2017.10.13"]
[EventType "team"]
[EventRounds "11"]
[EventCountry "AUT"]
[WhiteTeam "Pradl"]
[BlackTeam "Jenbach 2"]

1. e4 c5 2. Nf3 Nc6 3. Bb5 Na5 4. c3 a6 5. Ba4 b5 6. Bc2 e6 7. O-O Bb7 8. d3 d6
9. Nbd2 Nf6 10. Re1 g6 11. Nf1 Bg7 12. h3 O-O 13. Bg5 Nc6 14. Qd2 Kh8 15. Qf4
Nh5 16. Bxd8 Nxf4 17. Bc7 Ne5 18. Bxd6 Nexd3 19. Bxf8 Rxf8 20. Bxd3 Nxd3 21.
Re2 Nxb2 22. Rxb2 Bxc3 23. Rab1 Bxe4 24. Rb3 Bxb1 25. Rxb1 h6 26. Ne3 Rc8 27.
Kf1 Kg7 28. Ke2 f5 29. Rd1 Rc6 30. Rd7+ Kf8 31. Kd3 Bf6 32. Kc2 c4 33. Rb7 g5
34. Nd2 h5 35. Nd1 g4 36. hxg4 hxg4 37. Nc3 Be7 38. Ne2 Bf6 39. f4 Be7 40. Nc3
Bd6 41. Ne2 Be7 42. Nc3 Bc5 43. Ne2 Rd6 44. a4 Be3 45. Nf1 Bb6 46. axb5 axb5
47. Nc3 b4 48. Na4 b3+ 49. Kc3 Bg1 50. Kxc4 Rd4+ 51. Kxb3 Rd1  0-1

[Event "2. Bundesliga West 2017/18"]
[Site "Tirol"]
[Date "2017.10.15"]
[Round "3"]
[Board "3"]
[White "Micheli, Carlo"]
[Black "Doskocil, Klaus"]
[Result "1-0"]
[WhiteElo "2221"]
[BlackElo "2239"]
[PlyCount "89"]
[EventDate "2017.10.13"]
[EventType "team"]
[EventRounds "11"]
[EventCountry "AUT"]
[WhiteTeam "Jenbach 2"]
[BlackTeam "Pradl"]

1. c4 Nf6 2. g3 e5 3. Bg2 d6 4. Nc3 Nbd7 5. e3 c6 6. d4 Be7 7. Nge2 O-O 8. O-O
Qc7 9. b3 Re8 10. Bb2 Bf8 11. Qd2 Nb6 12. e4 exd4 13. Nxd4 a5 14. h3 a4 15.
Rad1 axb3 16. axb3 Bd7 17. Kh2 Rad8 18. f4 h5 19. Qd3 Bc8 20. Nf3 Nh7 21. Qd4
Nd7 22. Qf2 Nc5 23. Qc2 Qb6 24. Nd4 Nf6 25. Rfe1 Ncd7 26. Na4 Qc7 27. Nf5 g6
28. Nh4 Bg7 29. Nf3 Nf8 30. e5 dxe5 31. Bxe5 Qa5 32. Qb2 N8h7 33. Ra1 b5 34.
cxb5 cxb5 35. b4 Qa7 36. Nc5 Qb6 37. Nd4 Rf8 38. Nc6 Rde8 39. Ra7 h4 40. g4
Rxe5 41. fxe5 Ne8 42. Ne7+ Kh8 43. Nxc8 Qb8 44. Ra8 Qc7 45. Qd4  1-0

[Event "2. Bundesliga West 2017/18"]
[Site "Tirol"]
[Date "2017.10.15"]
[Round "3"]
[Board "5"]
[White "Hoellrigl, Wilfried"]
[Black "Everett, Elijah"]
[Result "1-0"]
[WhiteElo "2204"]
[BlackElo "2190"]
[PlyCount "103"]
[EventDate "2017.10.13"]
[EventType "team"]
[EventRounds "11"]
[EventCountry "AUT"]
[WhiteTeam "Jenbach 2"]
[BlackTeam "Pradl"]

1. e4 c5 2. c3 Nf6 3. e5 Nd5 4. Nf3 Nc6 5. Bc4 e6 6. O-O d6 7. d4 cxd4 8. cxd4
Be7 9. Qe2 O-O 10. Nc3 Nxc3 11. bxc3 dxe5 12. dxe5 b6 13. Bf4 Bb7 14. Bd3 Qc7
15. Rfe1 Rfd8 16. Rac1 Rd5 17. h4 Rad8 18. Bc2 Ba3 19. Bxh7+ Kxh7 20. Ng5+ Kg8
21. Qh5 Nxe5 22. Qh7+ Kf8 23. Qh8+ Ke7 24. Qxg7 Bxc1 25. Bxe5 Rxe5 26. Qxf7+
Kd6 27. Rxe5 Bc8 28. Rxe6+ Bxe6 29. Qxc7+ Kxc7 30. Nxe6+ Kd7 31. Nxd8 Kxd8 32.
Kf1 Bb2 33. c4 Ke7 34. Ke2 Kf6 35. Ke3 Kf5 36. Kf3 Ke5 37. g4 Kd4 38. g5 Kxc4
39. Ke4 Kc5 40. Kf5 Kd6 41. Kg6 b5 42. Kf7 b4 43. h5 a5 44. g6 a4 45. h6 b3 46.
axb3 axb3 47. g7 Bxg7 48. hxg7 b2 49. g8=Q b1=Q 50. Qg6+ Qxg6+ 51. Kxg6 Ke5 52.
Kg5  1-0

[Event "2. Bundesliga West 2017/18"]
[Site "Tirol"]
[Date "2017.10.15"]
[Round "3"]
[Board "6"]
[White "Praxmarer, Christian"]
[Black "Fuchs, Georg"]
[Result "1/2-1/2"]
[WhiteElo "1974"]
[BlackElo "2156"]
[PlyCount "63"]
[EventDate "2017.10.13"]
[EventType "team"]
[EventRounds "11"]
[EventCountry "AUT"]
[WhiteTeam "Pradl"]
[BlackTeam "Jenbach 2"]

1. f4 d5 2. Nf3 Nf6 3. g3 e6 4. Bg2 Be7 5. O-O O-O 6. d3 b6 7. Qe1 Nbd7 8. Nc3
c5 9. e4 dxe4 10. dxe4 Ba6 11. Rf2 b5 12. Bf1 c4 13. h3 b4 14. Na4 Bb5 15. b3
Bxa4 16. bxa4 Bc5 17. Be3 Nxe4 18. Rg2 Qb6 19. Bxc5 Qxc5+ 20. Kh2 f5 21. Nd2
Ndf6 22. Bxc4 Nxd2 23. Qxe6+ Kh8 24. Rxd2 Ne4 25. Rg2 Qd4 26. Rc1 Rac8 27. Bd3
Nc5 28. Qc4 Qe3 29. Rf1 Nxd3 30. Qxd3 Qxd3 31. cxd3 Rfd8 32. Rd2  1/2-1/2

[Event "2. Bundesliga West 2017/18"]
[Site "Tirol"]
[Date "2017.10.15"]
[Round "3"]
[Board "1"]
[White "Michalik, Peter"]
[Black "Spornberger, Andre"]
[Result "1-0"]
[WhiteElo "2546"]
[BlackElo "2355"]
[PlyCount "69"]
[EventDate "2017.10.13"]
[EventType "team"]
[EventRounds "11"]
[EventCountry "AUT"]
[WhiteTeam "Zillertal"]
[BlackTeam "Rochade Rum"]

1. Nf3 e6 2. c4 f5 3. g3 Nf6 4. Bg2 d5 5. O-O c6 6. d3 Be7 7. b3 O-O 8. Bb2 a5
9. Nbd2 Na6 10. a3 Ng4 11. h3 Nh6 12. e4 c5 13. exd5 exd5 14. cxd5 Nc7 15. d6
Bxd6 16. Nc4 Ra6 17. d4 Be7 18. dxc5 Qxd1 19. Rfxd1 Bxc5 20. Rac1 Ne6 21. Bf1
Nf7 22. Rd5 Rd8 23. Ne3 Rxd5 24. Nxd5 b5 25. Nd4 Nfd8 26. Nxe6 Nxe6 27. Nf4 Rc6
28. Nxe6 Bxe6 29. b4 axb4 30. axb4 Bc4 31. Bxc4+ bxc4 32. bxc5 Rxc5 33. Bd4 Rc7
34. Kg2 Kf7 35. Kf3  1-0

[Event "2. Bundesliga West 2017/18"]
[Site "Tirol"]
[Date "2017.10.15"]
[Round "3"]
[Board "2"]
[White "Gatterer, Florian"]
[Black "Lanka, Zigurds"]
[Result "1/2-1/2"]
[WhiteElo "2271"]
[BlackElo "2426"]
[PlyCount "63"]
[EventDate "2017.10.13"]
[EventType "team"]
[EventRounds "11"]
[EventCountry "AUT"]
[WhiteTeam "Rochade Rum"]
[BlackTeam "Zillertal"]

1. c4 g6 2. Nf3 Bg7 3. d4 Nf6 4. g3 O-O 5. Bg2 d6 6. O-O Nc6 7. Nc3 a6 8. Bf4
Nh5 9. Bg5 h6 10. Be3 f5 11. d5 Ne5 12. Nxe5 dxe5 13. f4 e4 14. Bd4 Nf6 15. a4
Kh7 16. Be5 Rg8 17. Qd4 g5 18. e3 Bd7 19. fxg5 hxg5 20. Bh3 g4 21. Bg2 Rc8 22.
Rad1 Qe8 23. c5 Qg6 24. Ne2 Nh5 25. b3 c6 26. Nf4 Nxf4 27. exf4 cxd5 28. Qxd5
Be6 29. Qxb7 Bxe5 30. fxe5 Qg7 31. c6 Rb8 32. Qa7  1/2-1/2

[Event "2. Bundesliga West 2017/18"]
[Site "Tirol"]
[Date "2017.10.15"]
[Round "3"]
[Board "3"]
[White "Hausner, Ivan"]
[Black "Spornberger, Maximilian"]
[Result "1-0"]
[WhiteElo "2321"]
[BlackElo "2273"]
[PlyCount "139"]
[EventDate "2017.10.13"]
[EventType "team"]
[EventRounds "11"]
[EventCountry "AUT"]
[WhiteTeam "Zillertal"]
[BlackTeam "Rochade Rum"]

1. d4 g6 2. e4 Bg7 3. Nc3 d6 4. h4 Nf6 5. Be2 Nc6 6. h5 gxh5 7. Be3 Ng4 8. Rxh5
Nxe3 9. fxe3 a6 10. Bf3 Bd7 11. Nge2 e6 12. Qd2 Qe7 13. O-O-O O-O-O 14. Rdh1 h6
15. Nd1 f5 16. exf5 exf5 17. Nf4 Qf6 18. Nc3 Ne7 19. Ncd5 Nxd5 20. Nxd5 Qf7 21.
Qb4 c6 22. Nb6+ Kc7 23. Qa5 Kb8 24. Nxd7+ Rxd7 25. Qxf5 Qe8 26. Qd3 d5 27. R5h3
Re7 28. Bh5 Qd7 29. Rf1 Qe6 30. Qg6 Qxg6 31. Bxg6 Rd8 32. Kd2 Rd6 33. Rf7 Rxf7
34. Bxf7 Rf6 35. Rf3 Kc7 36. Kd3 Kd6 37. b3 Ke7 38. Bh5 Kd6 39. Bg4 Rf8 40. c4
b6 41. Bf5 Bf6 42. e4 dxe4+ 43. Bxe4 Be7 44. Bf5 Bg5 45. Bg6 Be7 46. Bf7 Bg5
47. Ke4 Be7 48. Rf5 Bg5 49. g4 Be7 50. b4 Bg5 51. c5+ bxc5 52. bxc5+ Kc7 53.
Be6 Re8 54. Ke5 Re7 55. Rf8 Be3 56. Rf6 a5 57. a4 Rg7 58. Rf3 Bg5 59. d5 cxd5
60. Kxd5 Bd2 61. Rf8 Rg5+ 62. Bf5 Bf4 63. Rf7+ Kb8 64. Rh7 Rg8 65. Kc6 Rd8 66.
Kb6 Be3 67. Rb7+ Ka8 68. Re7 Bd4 69. Be4+ Kb8 70. Rb7+  1-0

[Event "2. Bundesliga West 2017/18"]
[Site "Tirol"]
[Date "2017.10.15"]
[Round "3"]
[Board "4"]
[White "Moroder, Stefan"]
[Black "Platzgummer, Fabian"]
[Result "0-1"]
[WhiteElo "2212"]
[BlackElo "2343"]
[PlyCount "74"]
[EventDate "2017.10.13"]
[EventType "team"]
[EventRounds "11"]
[EventCountry "AUT"]
[WhiteTeam "Rochade Rum"]
[BlackTeam "Zillertal"]

1. e4 c5 2. Nf3 d6 3. b4 Nf6 4. bxc5 Nxe4 5. cxd6 Qxd6 6. d4 Nc6 7. Ba3 Qd5 8.
Bd3 Qa5+ 9. Kf1 Nf6 10. c4 Bg4 11. Qd2 Bxf3 12. Qxa5 Nxa5 13. gxf3 e6 14. Bb2
Be7 15. Rg1 O-O 16. Nd2 Rfd8 17. Nb3 Nc6 18. Be4 Rac8 19. Ke2 g6 20. Rac1 Nh5
21. Rcd1 Bf6 22. Ba1 Bg7 23. Rg5 f5 24. Bb1 Kf7 25. a3 Nf4+ 26. Ke3 Nh3 27. f4
Nxg5 28. fxg5 h6 29. h4 Ne7 30. Bd3 b6 31. a4 Rc7 32. a5 Nc8 33. c5 bxc5 34.
Nxc5 Nd6 35. Bc2 Rxc5 36. dxc5 Nc4+ 37. Ke2 Rxd1  0-1

[Event "2. Bundesliga West 2017/18"]
[Site "Tirol"]
[Date "2017.10.15"]
[Round "3"]
[Board "5"]
[White "Tabernig, Bernhard"]
[Black "Hengl, Christian"]
[Result "1-0"]
[WhiteElo "2328"]
[BlackElo "2153"]
[PlyCount "85"]
[EventDate "2017.10.13"]
[EventType "team"]
[EventRounds "11"]
[EventCountry "AUT"]
[WhiteTeam "Zillertal"]
[BlackTeam "Rochade Rum"]

1. d4 d5 2. c4 c6 3. Nf3 Nf6 4. Nc3 dxc4 5. a4 Bf5 6. Ne5 Nbd7 7. Nxc4 Nb6 8.
Ne5 a5 9. f3 Nfd7 10. Nxd7 Bxd7 11. e4 e6 12. Be3 Bb4 13. Be2 O-O 14. O-O Qe7
15. Bf2 Rfd8 16. Qb3 Rac8 17. Na2 c5 18. Nxb4 c4 19. Nd5 Nxd5 20. Bxc4 Nb4 21.
Rfc1 Bc6 22. Qe3 Rc7 23. b3 Rcd7 24. Qe2 Rxd4 25. Bxd4 Rxd4 26. Qf2 Qd6 27. Re1
e5 28. f4 exf4 29. e5 Qd8 30. e6 fxe6 31. Rxe6 Kh8 32. Rae1 h6 33. Bb5 Bxb5 34.
axb5 Qd5 35. R6e5 Qd6 36. R5e4 Rxe4 37. Rxe4 Qd1+ 38. Qe1 Qxe1+ 39. Rxe1 Nd3
40. Re7 Nc5 41. b6 Kg8 42. Rc7 Nxb3 43. Rxb7  1-0

[Event "2. Bundesliga West 2017/18"]
[Site "Tirol"]
[Date "2017.10.15"]
[Round "3"]
[Board "6"]
[White "Jedinger, Andreas"]
[Black "Schiestl, Josef"]
[Result "1-0"]
[WhiteElo "2108"]
[BlackElo "2125"]
[PlyCount "51"]
[EventDate "2017.10.13"]
[EventType "team"]
[EventRounds "11"]
[EventCountry "AUT"]
[WhiteTeam "Rochade Rum"]
[BlackTeam "Zillertal"]

1. e4 c5 2. Nf3 e6 3. d4 cxd4 4. Nxd4 a6 5. Bd3 Bc5 6. Nb3 Ba7 7. Qe2 Nc6 8.
Nc3 d6 9. Be3 Nge7 10. O-O-O b5 11. f4 b4 12. Bxa7 Rxa7 13. Na4 Qc7 14. Qe3 O-O
15. h4 Bd7 16. h5 h6 17. g4 e5 18. g5 hxg5 19. fxg5 Nd4 20. h6 Nxb3+ 21. axb3
Raa8 22. hxg7 Kxg7 23. Qf2 Rg8 24. Bc4 Be8 25. Rh7+ Kxh7 26. Qh4+  1-0

[Event "2. Bundesliga West 2017/18"]
[Site "Eisengasse 19a, 6850 Dornbirn"]
[Date "2017.10.15"]
[Round "3"]
[Board "1"]
[White "Henrichs, Thomas"]
[Black "Drabke, Lorenz"]
[Result "1/2-1/2"]
[WhiteElo "2482"]
[BlackElo "2453"]
[PlyCount "73"]
[EventDate "2017.10.13"]
[EventType "team"]
[EventRounds "11"]
[EventCountry "AUT"]
[WhiteTeam "Hohenems II"]
[BlackTeam "Dornbirn"]

1. e4 c5 2. Nf3 e6 3. d4 cxd4 4. Nxd4 a6 5. c4 Nf6 6. Nc3 Qc7 7. Be2 b6 8. O-O
Bb7 9. Qd3 Nc6 10. Nxc6 Bxc6 11. Be3 Bc5 12. Bxc5 bxc5 13. f4 d6 14. Rad1 O-O
15. Bf3 Rfd8 16. Qe3 h6 17. Rd2 Rd7 18. Rfd1 Re8 19. g3 e5 20. f5 Rb8 21. g4
Qd8 22. h4 Nh7 23. Rh2 Qf6 24. Rdd2 g5 25. fxg6 fxg6 26. g5 hxg5 27. Bg4 Rf7
28. Rdf2 Qe7 29. Rxf7 Qxf7 30. Qh3 Qf4 31. hxg5 Qc1+ 32. Bd1 Qxg5+ 33. Rg2 Qf6
34. Rf2 Qg5+ 35. Rg2 Qf6 36. Rf2 Qg5+ 37. Rg2  1/2-1/2

[Event "2. Bundesliga West 2017/18"]
[Site "Eisengasse 19a, 6850 Dornbirn"]
[Date "2017.10.15"]
[Round "3"]
[Board "2"]
[White "Novkovic, Milan"]
[Black "Berchtenbreiter, Maximilian"]
[Result "1/2-1/2"]
[WhiteElo "2362"]
[BlackElo "2377"]
[PlyCount "133"]
[EventDate "2017.10.13"]
[EventType "team"]
[EventRounds "11"]
[EventCountry "AUT"]
[WhiteTeam "Dornbirn"]
[BlackTeam "Hohenems II"]

1. Nf3 Nf6 2. c4 g6 3. Nc3 d5 4. cxd5 Nxd5 5. e4 Nxc3 6. dxc3 Qxd1+ 7. Kxd1 Nd7
8. Kc2 Nc5 9. Nd2 f5 10. b4 Nxe4 11. Nxe4 fxe4 12. Bf4 Bg7 13. Bc4 Bf5 14. Be3
a5 15. b5 O-O-O 16. Rad1 Rd6 17. Be2 h5 18. c4 b6 19. Kb3 Bg4 20. Bxg4+ hxg4
21. Rd5 Rh5 22. Rd2 Rd3+ 23. Rxd3 exd3 24. Rd1 Rxh2 25. g3 Bh6 26. Bxh6 Rxh6
27. Rxd3 Rh2 28. Rd2 Rh5 29. Rd4 Rf5 30. Rxg4 Rf3+ 31. Ka4 Rxf2 32. a3 Rf3 33.
Rxg6 Rc3 34. g4 Rxc4+ 35. Kb3 Rc5 36. a4 Kd7 37. g5 Ke8 38. Rc6 e5 39. Rf6 Ke7
40. Rf5 Rd5 41. g6 Ke6 42. Rf7 Rd3+ 43. Kc2 Rg3 44. Rxc7 Rxg6 45. Rc6+ Kf5 46.
Kd3 Rg3+ 47. Ke2 Ra3 48. Rxb6 Ke4 49. Rb8 Rxa4 50. b6 Ra2+ 51. Kf1 Rb2 52. b7
Rb1+ 53. Ke2 Rb5 54. Kd1 a4 55. Ra8 Rxb7 56. Rxa4+ Kf3 57. Ra3+ Kf2 58. Ra2+
Kf1 59. Kd2 Kf2 60. Kd1+ Kf3 61. Ra3+ Kf4 62. Ke2 Rb2+ 63. Ke1 Ke4 64. Rh3 Kd4
65. Rg3 Rh2 66. Ra3 e4 67. Rb3  1/2-1/2

[Event "2. Bundesliga West 2017/18"]
[Site "Eisengasse 19a, 6850 Dornbirn"]
[Date "2017.10.15"]
[Round "3"]
[Board "3"]
[White "Burschowsky, Matthias"]
[Black "Leutwyler, Martin"]
[Result "1-0"]
[WhiteElo "2191"]
[BlackElo "2200"]
[PlyCount "61"]
[EventDate "2017.10.13"]
[EventType "team"]
[EventRounds "11"]
[EventCountry "AUT"]
[WhiteTeam "Hohenems II"]
[BlackTeam "Dornbirn"]

1. c4 c6 2. g3 d5 3. Bg2 Nf6 4. Nf3 Bg4 5. Ne5 Be6 6. d4 dxc4 7. e4 g6 8. O-O
Nbd7 9. f4 Bg7 10. Nc3 O-O 11. h3 Qb6 12. Be3 Qxb2 13. Qe1 Nb6 14. a4 Qb4 15.
a5 Nc8 16. a6 Rb8 17. Rb1 Qd6 18. Rxb7 Nb6 19. Rxa7 Ra8 20. Rxa8 Rxa8 21. d5
cxd5 22. Nb5 Qd8 23. Qa5 Qc8 24. a7 Nxe4 25. Qxb6 Nxg3 26. Rf3 d4 27. Nxd4 Nf5
28. Nxf5 Bxf5 29. Rg3 Bxe5 30. fxe5 Qd7 31. Bxa8  1-0

[Event "2. Bundesliga West 2017/18"]
[Site "Eisengasse 19a, 6850 Dornbirn"]
[Date "2017.10.15"]
[Round "3"]
[Board "4"]
[White "Novkovic, Julia"]
[Black "Atlas, Dmitry"]
[Result "1/2-1/2"]
[WhiteElo "2111"]
[BlackElo "2174"]
[PlyCount "132"]
[EventDate "2017.10.13"]
[EventType "team"]
[EventRounds "11"]
[EventCountry "AUT"]
[WhiteTeam "Dornbirn"]
[BlackTeam "Hohenems II"]

1. e4 e6 2. d4 d5 3. Nd2 Nf6 4. e5 Nfd7 5. c3 c5 6. Bd3 Nc6 7. Ne2 cxd4 8. cxd4
f6 9. exf6 Nxf6 10. O-O Bd6 11. Nf3 Qc7 12. Bg5 O-O 13. Bh4 Nh5 14. Qc2 h6 15.
Bh7+ Kh8 16. Bg6 Rxf3 17. Bxh5 Rf8 18. Bg3 Bd7 19. Rad1 Be8 20. Bg4 Rf6 21. Nc3
Bg6 22. Qe2 Bxg3 23. hxg3 Re8 24. Rfe1 Qd6 25. Bf3 a6 26. Qd2 Qb4 27. Ne2 e5
28. dxe5 Qxd2 29. Rxd2 Nxe5 30. Nd4 Nxf3+ 31. Nxf3 Rxe1+ 32. Nxe1 Rd6 33. Nf3
Kg8 34. Ne5 Bb1 35. a3 Kf8 36. Kf1 Ke7 37. Ke2 Ke6 38. Nf3 Kf6 39. Nd4 Rd7 40.
Rd1 Re7+ 41. Kd2 Be4 42. f3 Bg6 43. Rc1 Ke5 44. Re1+ Kd6 45. Rxe7 Kxe7 46. g4
Kd6 47. b4 Bb1 48. Ke3 b6 49. Ne2 Ke5 50. f4+ Kd6 51. Nc3 Bc2 52. Kd4 Bb3 53.
Ke3 Bc4 54. Nd1 g5 55. g3 Bb3 56. Nc3 Bc2 57. Kd4 Bb3 58. Kd3 Bc4+ 59. Ke3 Bf1
60. Nd1 Bg2 61. Kd4 Bf3 62. Nf2 a5 63. bxa5 bxa5 64. fxg5 hxg5 65. Nh3 Bxg4 66.
Nxg5 Be2  1/2-1/2

[Event "2. Bundesliga West 2017/18"]
[Site "Eisengasse 19a, 6850 Dornbirn"]
[Date "2017.10.15"]
[Round "3"]
[Board "5"]
[White "Hofer, Emilian"]
[Black "Ruescher, Christian"]
[Result "1-0"]
[WhiteElo "2136"]
[BlackElo "2068"]
[PlyCount "95"]
[EventDate "2017.10.13"]
[EventType "team"]
[EventRounds "11"]
[EventCountry "AUT"]
[WhiteTeam "Hohenems II"]
[BlackTeam "Dornbirn"]

1. e4 e6 2. d4 d5 3. Nd2 Nf6 4. e5 Nfd7 5. c3 c5 6. Bd3 Nc6 7. Ne2 cxd4 8. cxd4
f6 9. exf6 Nxf6 10. Nf3 Bd6 11. O-O Qc7 12. Bg5 O-O 13. Bh4 Nh5 14. Nc3 a6 15.
Rc1 g6 16. Na4 b5 17. Nc5 Rxf3 18. Qxf3 Bxh2+ 19. Kh1 Bf4 20. Nb3 Bxc1 21. Rxc1
Bd7 22. Bg5 Rf8 23. Qe3 Qd6 24. Nc5 Bc8 25. Be2 Ng7 26. Bg4 h5 27. Bh3 Nf5 28.
Bxf5 Rxf5 29. Nd3 Bd7 30. Bf4 Qe7 31. Bg3 Rf8 32. Ne5 Nxe5 33. Bxe5 Rc8 34.
Rxc8+ Bxc8 35. Qh6 Qh7 36. Qg5 Qf7 37. Qh6 Qh7 38. Qc1 Qd7 39. f3 Kh7 40. Qf4
Qe7 41. Bf6 Qf7 42. Qg5 b4 43. Be5 Qf8 44. Qc1 Bd7 45. Qc7 Qe7 46. Kg1 Kh6 47.
Bd6 Qh7 48. Bf8+  1-0

[Event "2. Bundesliga West 2017/18"]
[Site "Eisengasse 19a, 6850 Dornbirn"]
[Date "2017.10.15"]
[Round "3"]
[Board "6"]
[White "Erwin-Casero, Daniel"]
[Black "Kranzl, Julian"]
[Result "0-1"]
[WhiteElo "1939"]
[BlackElo "2141"]
[PlyCount "98"]
[EventDate "2017.10.13"]
[EventType "team"]
[EventRounds "11"]
[EventCountry "AUT"]
[WhiteTeam "Dornbirn"]
[BlackTeam "Hohenems II"]

1. e4 c5 2. Nf3 d6 3. d4 cxd4 4. Nxd4 Nf6 5. Nc3 a6 6. Be3 e5 7. Nb3 Be6 8. f3
Be7 9. Qd2 O-O 10. O-O-O a5 11. Kb1 a4 12. Nc1 a3 13. b3 Ra5 14. Na4 Rxa4 15.
bxa4 d5 16. exd5 Nxd5 17. Bc4 Bb4 18. Qxb4 Nxb4 19. Rxd8 Rxd8 20. Bxe6 fxe6 21.
Nb3 Rc8 22. Rd1 Nd5 23. Bd2 Kf7 24. Re1 Kf6 25. Re4 Na6 26. c4 Nb6 27. Na5 Nxa4
28. Re3 Nb2 29. Rxa3 Nxc4 30. Nxc4 Rxc4 31. Rb3 Rc7 32. Be3 Nb8 33. Rd3 Nc6 34.
Bb6 Rf7 35. a3 Kf5 36. Rd6 e4 37. fxe4+ Ke5 38. Rd2 Kxe4 39. Kc2 e5 40. Kc3 Nd4
41. Kc4 Rd7 42. Rf2 Rd6 43. Bc5 Rc6 44. Kb4 Rf6 45. Bxd4 exd4 46. Re2+ Kd5 47.
Re7 Rb6+ 48. Ka4 Kc4 49. Rc7+ Rc6  0-1

[Event "2. Bundesliga West 2017/18"]
[Site "Eisengasse 19a, 6850 Dornbirn"]
[Date "2017.10.15"]
[Round "3"]
[Board "2"]
[White "Mueller, Philipp"]
[Black "Dobosz, Henryk"]
[Result "0-1"]
[WhiteElo "2220"]
[BlackElo "2378"]
[PlyCount "68"]
[EventDate "2017.10.13"]
[EventType "team"]
[EventRounds "11"]
[EventCountry "AUT"]
[WhiteTeam "Goetzis 2"]
[BlackTeam "Bregenz"]

1. c4 e5 2. g3 Nf6 3. Bg2 c6 4. Nf3 d6 5. Nc3 Nbd7 6. O-O g6 7. d4 Bg7 8. dxe5
dxe5 9. Qd6 Bf8 10. Qd3 Qe7 11. e4 Bg7 12. Bg5 h6 13. Be3 O-O 14. h3 Nc5 15.
Qc2 a5 16. a3 Nfd7 17. b4 Ne6 18. b5 Nd4 19. Qd1 Nc5 20. Nd2 Be6 21. a4 Rad8
22. Qb1 f5 23. exf5 gxf5 24. bxc6 bxc6 25. Qb6 Ra8 26. Qb1 Rab8 27. Qd1 Rbd8
28. Qb1 e4 29. Rc1 Nd3 30. Qb6 Nxc1 31. Rxc1 Qb4 32. Bxd4 Bxd4 33. Qxc6 Rd6 34.
Qc7 Rf7  0-1

[Event "2. Bundesliga West 2017/18"]
[Site "Eisengasse 19a, 6850 Dornbirn"]
[Date "2017.10.15"]
[Round "3"]
[Board "3"]
[White "Abhau, Jochen"]
[Black "Kranz, Armin"]
[Result "1-0"]
[WhiteElo "2259"]
[BlackElo "2052"]
[PlyCount "59"]
[EventDate "2017.10.13"]
[EventType "team"]
[EventRounds "11"]
[EventCountry "AUT"]
[WhiteTeam "Bregenz"]
[BlackTeam "Goetzis 2"]

1. Nf3 Nf6 2. g3 b6 3. Bg2 Bb7 4. O-O c5 5. c4 e6 6. Nc3 Be7 7. Re1 Ne4 8. Nxe4
Bxe4 9. d3 Bc6 10. e4 d6 11. d4 cxd4 12. Nxd4 Bb7 13. Qg4 h5 14. Qe2 Nc6 15.
Nxc6 Bxc6 16. b3 h4 17. Qg4 hxg3 18. hxg3 Bf6 19. Rb1 Qc7 20. Bf4 O-O-O 21. b4
g5 22. Be3 Be7 23. c5 f5 24. cxb6 Qb7 25. Qe2 Kb8 26. Rec1 f4 27. Bd4 e5 28. b5
Bxb5 29. bxa7+ Ka8 30. Rxb5  1-0